České ekonomické myšlení v letech 1948-1969 (od stalinského teroru k Pražskému jaru)

Diskontinuita a proces "sovietizácie" českého ekonomického myslenia v rokoch 1948 -1956. Kríza sovietského modelu plánovania a prvé pokusy o reformu v rokoch 1956 -1962. Postupná obnova českého ekonomického myslenia a trhovo orientovaná ekonomická reforma Pražského jara. Otto Šik a jeho teoretický p...

Descrizione completa

Salvato in:
Dettagli Bibliografici
Autore principale: Chytil, Zdeněk
Natura: Capitolo di libro
Lingua:ceco
Soggetti:
Tags: Aggiungi Tag
Nessun Tag, puoi essere il primo ad aggiungerne!!

MARC

LEADER 00000naa$a2200000$$$4500
001 0003038
005 20231002112748.3
041 0 |a cze 
044 |a CZ 
245 1 0 |a České ekonomické myšlení v letech 1948-1969 (od stalinského teroru k Pražskému jaru)  |c aut. Zdeněk Chytil 
520 |a Diskontinuita a proces "sovietizácie" českého ekonomického myslenia v rokoch 1948 -1956. Kríza sovietského modelu plánovania a prvé pokusy o reformu v rokoch 1956 -1962. Postupná obnova českého ekonomického myslenia a trhovo orientovaná ekonomická reforma Pražského jara. Otto Šik a jeho teoretický prínos k ekonomickej reforme v druhej polovici 60. rokov. Teoretický prínos ďalších českých reformných ekonómov ( Komenda Bohumil, Kožušník Čestmír, Truhlář O., Rozsypal K., Turek Otakar, a p.). 
610 2 0 |a teórie ekonomické 
610 2 0 |a reformy hospodárske 
610 2 0 |a Česko 
610 2 0 |a myslenie ekonomické 
610 2 0 |a normalizácia 
610 2 0 |a ekonómovia 
100 1 |a Chytil, Zdeněk